000 00477nam a2200169Ia 4500
008 090201s9999 xx 000 0 und d
010 _aKPL-30225
040 _bमराठी
041 _aमराठी
082 _a21340
_b30225
100 _a अबक
245 _aडॉक्टर हेडगेवार
_c अबक
260 _c2004
_bअबक
300 _a134
_bमोठा
600 _aडॉक्टर हेडगेवार
942 _cBOOK
999 _c221037
_d221037